00574nam a2200193Ia 4500003000400000005001700004008004100021040000700062041000800069082001300077100002200090245003500112260003900147300000900186650002400195942001300219999001900232952012900251OSt20260509110816.0250729s2011 xx 000 0 und d cAL akan a510 PATV aR.S.Patil9231461 aVishaya sampadhikarana ganitha aGadagbVidyanidhi Prakashanac2011 a416p aMathematics9231462 2ddccBED c239293d239293 00104070aALbALd2025-07-29eManagement Booksg140.00l0o510 PATVpBED04612r2025-07-29 16:57:26v140.00w2025-07-29yBK